Buchstabieralphabet - Statistiken

Allgemein
  • Dieses Quiz wurde 192 mal gespielt
  • Das Durchschnittsergebnis liegt bei 10 aus 26
Antwortstatistiken
Buchstabe Buchstabieralphabet % Korrekt
A Anton
90%
B Berta
85%
E Emil
81%
C Cäsar
68%
D Dora
68%
F Friedrich
62%
I Ida
58%
G Gustav
54%
N Nordpol
53%
H Heinrich
50%
O Otto
36%
L Ludwig
31%
M Martha
29%
J Julius
27%
P Paula
25%
R Richard
24%
T Theodor
20%
K Konrad
19%
W Willhelm
16%
V Viktor
15%
U Ulrich
14%
Z Zeppelin
14%
Q Quelle
13%
X Xanthippe
8%
S Sigfried
7%
Y Yipsilon
0%
Keine übereinstimmenden Quizze gefunden
Verteilung der Resultate
Anzahl Personen mit jedem Resultat
Perzentil nach korrekt beantworteten Fragen
Ihre Resultats-Entwicklung
Sie haben dieses Quiz noch nicht gespielt